000 00705nam a2200217 i 4500
001 187997
003 ES-MaACL
005 20230906223058.0
007 t|
008 180406s1927 xxk ||||1| eng d
100 1 _aYoung, L. C.
_9117698
245 1 4 _aThe theory of integration /
_cby L. C. Young.
260 _aLondon :
_bCambridge University Press, 1927.
300 _aVIII, 52 p. :
_bil. ;
_c22 cm.
490 1 _aCambridge tracts in mathematics and mathematical physics ;
_v21
650 0 0 _aIntegrales.
_913841
650 0 0 _aCálculo integral.
_910672
830 1 _aCambridge tracts in mathematics and mathematical physics ;
_v21
_9192958
852 _aES-MaACL
_jC-8159
999 _c187997
_d187997